00945 2200169 4500245004200000020002200042250001100064100001800075650004500093005001900138260003300157041001400190084000800204500052100212490003300733336000900766 aEnergi AircTutun Nugraha, PhD.hText a978-602-18942-0-0 aCet. 1 aTutun Nugraha aSeri Sains Energi Terbarukan: Energi Air a20231116135117 bPELANGI ILMU NUSANTARAc2012 aIndonesia a503 aBuku ENERGI AIR ini menjelaskan prinsip kerja dan aplikasi energi air dalam kehidupan kita. Komponen-komponen Pembangkit Listrik Tenaga Air (PLTA) dan fungsinya juga dibahas dalam buku ini. Air yang mengalir di sungai dan di danau bisa memberikan kita energi listrik dengan cara kita membangun Pembangkit Listrik Tenaga Air. Energi air merupakan sumber energi terbarukan yang relatif murah. Namun untuk mendapatkan energi air yang kontinyu kita perlu melestarikan hutan dan lingkungan yang merupakan sumber mata air. aSeri Sains Energi Terbarukan atext